ロード中...
ساعة السفر /
| 第一著者: | |
|---|---|
| フォーマット: | Printed Book |
| LEADER | 00415nam a2200109Ia 4500 | ||
|---|---|---|---|
| 008 | 150527150527b xxu||||| |||| 00| 0 ara d | ||
| 082 | |a 813.3 X | ||
| 100 | |a شريف شوقي | ||
| 245 | |c by شريف شوقي |a ساعة السفر / | ||
| 942 | |c BK | ||
| 999 | |c 172938 |d 172938 | ||
| 952 | |0 0 |1 0 |4 0 |6 813_300000000000000_X_شري_س |7 0 |9 191618 |a ARA |b ARA |c ST1 |d 2015-05-27 |i 6506 |l 0 |o 813.3 X شري/س |p ARA006506 |r 2015-05-27 |w 2015-05-27 |y BK | ||